000 004400000a22001810004500
003 MACL
005 20150912143003.0
008 150912b xxu||||| |||| 00| 0 eng d
040 _aMACL
_cMACL
041 _aEnglish
082 _a823/GRA
100 _aGray, J E B
_910404
245 _aIndian Tales And Legends
260 _bOxford University Press
_c1992
_aCalcutta
350 _a130
650 _aFicition
_910405
942 _cBK
_k823
_2ddc
999 _c4651
_d4651